000 00384 a2200133 4500
000 nam a22 7a 4500
100 _aPandey, Vidyadhar
110 _aPandey, Vidyadhar
245 _aSamkalin Bhartiya Samaj evam Sanskriti
250 _aLatest edition
260 _bSwastik Publishers & Distributors
_c2021
264 _bSwastik Publishers & Distributors
_c2021
942 _cBK
999 _c394947
_d394947